000 00748nam a2200265Ia 4500
003 OSt
005 20220918212335.0
006 a|||||r|||| 00| 0
007 ta
008 220917b |||||||| |||| 00| 0 eng d
024 _a128,490
037 _cTextual
040 _aARTS
_cARTS
_beng
041 _2eng
_aeng
082 _aW940aX:275, M3(906)
100 _aSeers Dudley
_9123511
245 0 _aPolitical economy of nationalism
260 _aNew York
_bOxford University Press
_c1983
300 _a210p.
_ccm.
490 _aLibrary of political economy 1983
500 _aBibliography p198-203
650 _aPOLITICAL SCIENCE
942 _hW940aX:275, M3(906)
_cTEXL
_2CC
999 _c251628
_d251628